[Event "3 Torneo Internazionale "Cento Torri""]
[Site "?"]
[Date "2019.06.02"]
[Round "5"]
[White "Basso, Pier Luigi"]
[Black "Calavalle, Giulio"]
[Result "1/2-1/2"]
[WhiteElo "2516"]
[BlackElo "2258"]
[PlyCount "55"]
[EventDate "2019.06.03"]

1. d4 Nf6 2. c4 e6 3. Nf3 d5 4. Nc3 c6 5. Bg5 Nbd7 6. e3 Be7 7. Qc2 O-O 8. a3
Ne8 9. Bxe7 Qxe7 10. cxd5 exd5 11. Bd3 Ndf6 12. O-O Nd6 13. Nd2 g6 14. Rae1 Bf5
15. f3 Bxd3 16. Qxd3 Rad8 17. e4 dxe4 18. fxe4 Nh5 19. g3 Ng7 20. b4 a6 21. Nf3
Nb5 22. Nxb5 axb5 23. Qb3 Qe6 24. Qe3 Qd6 25. Qh6 Ne6 26. Rd1 f5 27. e5 Qe7 28.
Qe3 1/2-1/2